[Event "BAN-chT"]
[Site "Dhaka"]
[Date "2013.11.08"]
[Round "7"]
[White "Mohammad Fahad, Rahman"]
[Black "Hasan, Kayes"]
[Result "0-1"]
[WhiteElo "2031"]
[BlackElo "2228"]
[PlyCount "80"]
[EventDate "2013.11.02"]
[EventType "team-tourn"]
[EventRounds "9"]
[EventCountry "BAN"]
[SourceTitle "CBM 157 Extra"]
[Source "ChessBase"]
[SourceDate "2013.12.19"]
[SourceVersion "1"]
[SourceVersionDate "2013.12.19"]
[SourceQuality "1"]

1. c4 Nf6 2. d4 g6 3. Nc3 Bg7 4. e4 d6 5. Nf3 0-0 6. Be2 e5 7. 0-0 Nc6 8. d5 Ne7 9. b4 a5 10. Ba3 Nd7 11. Nd2 f5 12. f3 Bh6 13. Nb3 axb4 14. Bxb4 Be3+ 15. Kh1 f4 16. Qc2 Nf6 17. Nd1 Ba7 18. c5 Nh5 19. Be1 dxc5 20. Nxc5 Qd6 21. Nd3 Bd4 22. Rc1 Qf6 23. Qxc7 Ng3+ 24. Bxg3 fxg3 25. h3 Qh4 26. N1f2 gxf2 27. Kh2 Rxa2 28. d6 Nc6 29. Bd1 Ra3 30. d7 Bxd7 31. Qxd7 Rxd3 32. Be2 Rd2 33. Bc4+ Kh8 34. Qxb7 Be3 35. g3 Bf4 36. gxf4 exf4 37. Be6 Qg3+ 38. Kh1 Qxf3+ 39. Kh2 Qg3+ 40. Kh1 f3 0-1

[Event "Dhaka New White Plus op"]
[Site "Dhaka"]
[Date "2002.04.09"]
[Round "11"]
[White "Hasan, Kayes"]
[Black "Mohota, Nisha"]
[Result "0-1"]
[WhiteElo "2201"]
[BlackElo "2257"]
[PlyCount "100"]
[EventDate "2002.03.30"]
[EventType "swiss"]
[EventRounds "11"]
[EventCountry "BAN"]
[SourceTitle "CBM 087 Extra"]
[Source "ChessBase"]
[SourceDate "2002.05.03"]
[SourceVersion "2"]
[SourceVersionDate "2002.08.09"]
[SourceQuality "1"]

1. e4 c5 2. Nf3 d6 3. d4 cxd4 4. Nxd4 Nf6 5. Nc3 a6 6. Bc4 e6 7. Bb3 b5 8. 0-0 Be7 9. Qf3 Qc7 10. Qg3 Nc6 11. Be3 0-0 12. Nxc6 Qxc6 13. Bh6 Ne8 14. Nd5 Bd8 15. Rfe1 Qb7 16. Nf4 Kh8 17. Bg5 Bxg5 18. Qxg5 Nf6 19. e5 dxe5 20. Qxe5 Bd7 21. Rad1 Rac8 22. Rd3 Qa7 23. Qd6 Qc7 24. Nh5 Qxd6 25. Rxd6 Bc6 26. Nxf6 gxf6 27. f3 Kg7 28. c3 f5 29. Red1 Kf6 30. Kf2 Ke7 31. R6d4 Rg8 32. Rh4 Rg7 33. a4 bxa4 34. Bxa4 e5 35. Bc2 Rcg8 36. g3 f4 37. Bxh7 Rh8 38. Bf5 Rxh4 39. gxh4 Rg8 40. h5 Rh8 41. Bg4 f5 42. h3 fxg4 43. hxg4 a5 44. b4 axb4 45. cxb4 Ra8 46. h6 Ra2+ 47. Kg1 Bxf3 48. Re1 Rg2+ 49. Kf1 e4 50. Ra1 e3 0-1

[Event "Dhaka New White Plus op"]
[Site "Dhaka"]
[Date "2002.04.08"]
[Round "10"]
[White "Hossain, Sk Anwar"]
[Black "Hasan, Kayes"]
[Result "0-1"]
[WhiteElo "2139"]
[BlackElo "2201"]
[PlyCount "112"]
[EventDate "2002.03.30"]
[EventType "swiss"]
[EventRounds "11"]
[EventCountry "BAN"]
[SourceTitle "CBM 087 Extra"]
[Source "ChessBase"]
[SourceDate "2002.05.03"]
[SourceVersion "2"]
[SourceVersionDate "2002.08.09"]
[SourceQuality "1"]

1. Nf3 Nf6 2. g3 g6 3. Bg2 d5 4. 0-0 Bg7 5. d3 0-0 6. Nbd2 c5 7. e4 Nc6 8. Re1 d4 9. a3 e5 10. b4 Nd7 11. b5 Na5 12. Nb3 c4 13. Nxa5 Qxa5 14. dxc4 Qc3 15. Bd2 Qxc4 16. Bf1 Qc7 17. Bb4 Nc5 18. c3 Rd8 19. cxd4 exd4 20. Rc1 b6 21. Bc4 Be6 22. Bxe6 fxe6 23. e5 Rd5 24. Rc4 d3 25. Nd4 Qd7 26. Nc6 a6 27. a4 axb5 28. axb5 d2 29. Rf1 Bf8 30. Bc3 Nb3 31. Nb4 Bxb4 32. Rxb4 Nc5 33. Rb1 Rd8 34. h4 Rd3 35. Bb4 Qd4 36. Kh2 Ne4 37. Qg4 d1Q 38. Rbxd1 Rxd1 39. Qxe6+ Kh8 40. Be7 Qd7 41. Rxd1 Qxe6 42. Bxd8 Qa2 43. Bxb6 Nxf2 44. Rd8+ Kg7 45. Rd7+ Kg8 46. Rd8+ Kf7 47. Kg2 Ng4+ 48. Kf3 Nxe5+ 49. Kf4 Qc4+ 50. Bd4 Nd3+ 51. Ke3 Qxb5 52. Rh8 Ne5 53. Ke4 Qe2+ 54. Kd5 Qb5+ 55. Ke4 Ke6 56. Kf4 Qf1+ 0-1

[Event "Dhaka New White Plus op"]
[Site "Dhaka"]
[Date "2002.04.06"]
[Round "8"]
[White "Hasan, Kayes"]
[Black "Girinath, PDS"]
[Result "1/2-1/2"]
[WhiteElo "2201"]
[BlackElo "2336"]
[PlyCount "39"]
[EventDate "2002.03.30"]
[EventType "swiss"]
[EventRounds "11"]
[EventCountry "BAN"]
[SourceTitle "CBM 087 Extra"]
[Source "ChessBase"]
[SourceDate "2002.05.03"]
[SourceVersion "2"]
[SourceVersionDate "2002.08.09"]
[SourceQuality "1"]

1. e4 e6 2. d4 d5 3. e5 c5 4. c3 Nc6 5. Nf3 Nh6 6. a3 c4 7. g3 f6 8. Bxh6 gxh6 9. exf6 Qxf6 10. Bg2 Bg7 11. 0-0 0-0 12. Nbd2 Bd7 13. b3 cxb3 14. Nxb3 Be8 15. Re1 Bh5 16. Re3 Rf7 17. Qe1 Re8 18. Nc5 Rfe7 19. Nd3 Bg6 20. Nfe5 1/2-1/2

[Event "Dhaka"]
[Site "Dhaka"]
[Date "1997.??.??"]
[Round "9"]
[White "Rahman, Ziaur"]
[Black "Hasan, Kayes"]
[Result "1-0"]
[WhiteElo "2480"]
[BlackElo "2255"]
[PlyCount "78"]
[EventDate "1997.??.??"]
[EventType "tourn"]
[EventRounds "13"]
[EventCountry "BAN"]
[SourceTitle "EXT 2000"]
[Source "ChessBase"]
[SourceDate "1999.11.16"]
[SourceVersion "1"]
[SourceVersionDate "1999.11.16"]
[SourceQuality "1"]

1. c4 Nf6 2. Nf3 g6 3. Nc3 Bg7 4. e4 d6 5. d4 0-0 6. h3 c5 7. d5 e6 8. Bd3 exd5 9. exd5 Qe7+ 10. Be3 Nh5 11. 0-0 Nd7 12. Re1 Ne5 13. Be2 f5 14. Nxe5 Bxe5 15. Bxh5 gxh5 16. f4 Bxc3 17. bxc3 Qf7 18. Bf2 Bd7 19. Re3 h6 20. Qb3 b6 21. Qa3 Qf6 22. Rae1 Rf7 23. Qb2 Kh7 24. Qe2 Rg8 25. Qxh5 Rfg7 26. g3 Rg6 27. Kh2 a6 28. Qe2 b5 29. Rb1 R6g7 30. a3 Qf7 31. Re1 bxc4 32. Qxc4 Bc8 33. Qd3 Qb7 34. c4 Qb2 35. R1e2 Qa1 36. Be1 Rb7 37. Re7+ Rxe7 38. Rxe7+ Kg6 39. g4 Qd4 1-0

[Event "Dhaka"]
[Site "Dhaka"]
[Date "1997.??.??"]
[Round "3"]
[White "Szekely, Peter"]
[Black "Hasan, Kayes"]
[Result "1/2-1/2"]
[WhiteElo "2455"]
[BlackElo "2255"]
[PlyCount "43"]
[EventDate "1997.??.??"]
[EventType "tourn"]
[EventRounds "13"]
[EventCountry "BAN"]
[SourceTitle "EXT 2000"]
[Source "ChessBase"]
[SourceDate "1999.11.16"]
[SourceVersion "1"]
[SourceVersionDate "1999.11.16"]
[SourceQuality "1"]

1. Nf3 Nf6 2. c4 g6 3. g3 Bg7 4. Bg2 0-0 5. d4 d6 6. Nc3 Nbd7 7. 0-0 e5 8. e4 c6 9. Rb1 Qb6 10. b3 Re8 11. dxe5 dxe5 12. h3 Qc7 13. Be3 Bf8 14. Qc2 Bb4 15. Na4 Nb6 16. c5 Nxa4 17. bxa4 Ba5 18. Rfd1 b6 19. Rbc1 Bb7 20. Bf1 Nd7 21. cxb6 Bxb6 22. Bg5 1/2-1/2

[Event "Dhaka"]
[Site "Dhaka"]
[Date "1997.??.??"]
[Round "1"]
[White "Thipsay, Praveen Mahadeo"]
[Black "Hasan, Kayes"]
[Result "1-0"]
[WhiteElo "2460"]
[BlackElo "2255"]
[PlyCount "67"]
[EventDate "1997.??.??"]
[EventType "tourn"]
[EventRounds "13"]
[EventCountry "BAN"]
[SourceTitle "EXT 2000"]
[Source "ChessBase"]
[SourceDate "1999.11.16"]
[SourceVersion "1"]
[SourceVersionDate "1999.11.16"]
[SourceQuality "1"]

1. e4 e5 2. Nf3 Nc6 3. Bb5 a6 4. Ba4 Nf6 5. 0-0 b5 6. Bb3 Bc5 7. d3 d6 8. a4 Bg4 9. c3 h6 10. Be3 Bxe3 11. fxe3 0-0 12. h3 Bd7 13. Nbd2 Na5 14. Bc2 b4 15. d4 bxc3 16. bxc3 Be6 17. Qe2 Qb8 18. Rab1 Qa7 19. Bd3 Rfe8 20. Nh4 Reb8 21. Rbd1 Rb2 22. Rxf6 gxf6 23. Qf3 Qb8 24. Nf1 Qf8 25. Ng3 Qg7 26. Nhf5 Bxf5 27. Nxf5 Qf8 28. Qh5 Kh7 29. Qh4 Re8 30. Rf1 Rb3 31. Bxa6 Rxc3 32. Qe1 exd4 33. exd4 Rc2 34. Bd3 1-0

[Event "Olympiad-32"]
[Site "Yerevan"]
[Date "1996.09.26"]
[Round "10.4"]
[White "Ekstroem, Roland"]
[Black "Hasan, Kayes"]
[Result "1/2-1/2"]
[WhiteElo "2430"]
[BlackElo "2220"]
[PlyCount "50"]
[EventDate "1996.09.15"]
[EventType "team-swiss"]
[EventRounds "14"]
[EventCountry "ARM"]
[SourceTitle "CBM 055"]
[Source "ChessBase"]
[SourceDate "1996.12.01"]
[SourceVersion "1"]
[SourceVersionDate "1996.12.01"]
[SourceQuality "1"]
[WhiteTeam "Switzerland"]
[BlackTeam "Bangladesh"]
[WhiteTeamCountry "SUI"]
[BlackTeamCountry "BAN"]

1. e4 e5 2. Nf3 Nc6 3. Nc3 Nf6 4. d4 exd4 5. Nxd4 Bb4 6. Nxc6 bxc6 7. Bd3 d5 8. exd5 cxd5 9. Qe2+ Be7 10. Bb5+ Bd7 11. Bxd7+ Qxd7 12. 0-0 0-0 13. Bg5 Rfe8 14. Qf3 Ne4 15. Bxe7 Rxe7 16. Rad1 Nxc3 17. Qxc3 Rae8 18. Qc5 c6 19. c4 Qg4 20. Qxc6 dxc4 21. h3 Qe6 22. Qxe6 Rxe6 23. Rd7 Rb6 24. Rxa7 Rxb2 25. Rc7 Rxa2 1/2-1/2

[Event "Olympiad-32"]
[Site "Yerevan"]
[Date "1996.09.20"]
[Round "5.4"]
[White "Hasan, Kayes"]
[Black "Ravi, Thandalam Shanmugam"]
[Result "1/2-1/2"]
[WhiteElo "2220"]
[BlackElo "2345"]
[PlyCount "93"]
[EventDate "1996.09.15"]
[EventType "team-swiss"]
[EventRounds "14"]
[EventCountry "ARM"]
[SourceTitle "CBM 055"]
[Source "ChessBase"]
[SourceDate "1996.12.01"]
[SourceVersion "1"]
[SourceVersionDate "1996.12.01"]
[SourceQuality "1"]
[WhiteTeam "Bangladesh"]
[BlackTeam "India"]
[WhiteTeamCountry "BAN"]
[BlackTeamCountry "IND"]

1. e4 e5 2. Nf3 Nc6 3. Bb5 a6 4. Ba4 Nf6 5. 0-0 Be7 6. Re1 b5 7. Bb3 d6 8. c3 0-0 9. h3 Nd7 10. d4 Bf6 11. Be3 Na5 12. Bc2 Nc4 13. Bc1 Bb7 14. a4 d5 15. dxe5 dxe4 16. exf6 exf3 17. fxg7 Re8 18. g3 Rxe1+ 19. Qxe1 Qe8 20. Qf1 Qe2 21. Bd3 Qxf1+ 22. Kxf1 Nde5 23. Bc2 Kxg7 24. axb5 axb5 25. Rxa8 Bxa8 26. b3 Nd6 27. Bf4 f6 28. Nd2 c5 29. Ke1 h5 30. Nf1 Be4 31. Kd2 c4 32. Bxe5 fxe5 33. bxc4 Nxc4+ 34. Kc1 Bxc2 35. Kxc2 e4 36. Nd2 Nd6 37. Kb3 Kf6 38. Kb4 Ke5 39. Nf1 Kd5 40. Ne3+ Ke5 41. Nf1 Kd5 42. g4 hxg4 43. hxg4 Ke5 44. Kc5 e3 45. Nxe3 Ne4+ 46. Kxb5 Nxc3+ 47. Kc4 1/2-1/2

[Event "Goodricke op 07th"]
[Site "Kolkata"]
[Date "1996.??.??"]
[Round "6"]
[White "Hasan, Kayes"]
[Black "Ravi, Thandalam Shanmugam"]
[Result "0-1"]
[WhiteElo "2220"]
[BlackElo "2345"]
[PlyCount "100"]
[EventDate "1996.02.??"]
[EventType "swiss"]
[EventRounds "11"]
[EventCountry "IND"]
[SourceTitle "CBM 050 Extra"]
[Source "ChessBase"]
[SourceDate "1996.03.01"]
[SourceVersion "1"]
[SourceVersionDate "1996.03.01"]
[SourceQuality "1"]

1. e4 e5 2. Nf3 Nc6 3. Bb5 a6 4. Ba4 Nf6 5. 0-0 Be7 6. Re1 b5 7. Bb3 d6 8. c3 0-0 9. h3 Nd7 10. d4 Bf6 11. Be3 Na5 12. Bc2 Nc4 13. Bc1 Bb7 14. b3 Ncb6 15. Nbd2 Re8 16. Nf1 d5 17. Ng3 g6 18. Bh6 c5 19. exd5 Nxd5 20. Ne4 exd4 21. cxd4 Nb4 22. a3 Nxc2 23. Qxc2 Bxe4 24. Rxe4 cxd4 25. Rxe8+ Qxe8 26. Rd1 Rc8 27. Qb1 Nb6 28. Nxd4 Nd5 29. Re1 Qd7 30. Nf3 Nc3 31. Qc2 a5 32. Qd2 Qxd2 33. Nxd2 a4 34. bxa4 Nxa4 35. Ne4 Be7 36. Rb1 f5 37. Ng5 Nc3 38. Rb3 Ne2+ 39. Kf1 Nd4 40. Re3 Rc1+ 41. Re1 Bxa3 42. Rxc1 Bxc1 43. Nf3 Nxf3 44. Bxc1 Nd4 45. Ke1 Kf7 46. Bb2 Nb3 47. Kd1 Ke6 48. Kc2 Nc5 49. Bd4 Kd5 50. Be3 Kc4 0-1

[Event "Goodricke op 07th"]
[Site "Kolkata"]
[Date "1996.??.??"]
[Round "2"]
[White "Hasan, Kayes"]
[Black "Reefat, Bin Sattar"]
[Result "1/2-1/2"]
[WhiteElo "2220"]
[BlackElo "2465"]
[PlyCount "43"]
[EventDate "1996.02.??"]
[EventType "swiss"]
[EventRounds "11"]
[EventCountry "IND"]
[SourceTitle "CBM 050 Extra"]
[Source "ChessBase"]
[SourceDate "1996.03.01"]
[SourceVersion "1"]
[SourceVersionDate "1996.03.01"]
[SourceQuality "1"]

1. e4 c5 2. Nf3 Nc6 3. d4 cxd4 4. Nxd4 e5 5. Nb5 d6 6. c4 Be7 7. Be2 Be6 8. 0-0 Rc8 9. Nd2 Nf6 10. b3 0-0 11. a4 a6 12. Nc3 Nd7 13. Ba3 a5 14. Bg4 Nc5 15. Bxe6 fxe6 16. Bxc5 dxc5 17. Nf3 Qe8 18. Nb5 Rd8 19. Qe2 Qh5 20. Rad1 Rf4 21. Rxd8+ Bxd8 22. Rd1 1/2-1/2

[Event "Goodricke op 07th"]
[Site "Kolkata"]
[Date "1996.??.??"]
[Round "9"]
[White "Roy Chowdhury, Saptarshi"]
[Black "Hasan, Kayes"]
[Result "0-1"]
[WhiteElo "2150"]
[BlackElo "2220"]
[PlyCount "42"]
[EventDate "1996.02.??"]
[EventType "swiss"]
[EventRounds "11"]
[EventCountry "IND"]
[SourceTitle "CBM 050 Extra"]
[Source "ChessBase"]
[SourceDate "1996.03.01"]
[SourceVersion "1"]
[SourceVersionDate "1996.03.01"]
[SourceQuality "1"]

1. e4 e5 2. Nc3 Nf6 3. Nf3 Nc6 4. Bb5 Nd4 5. Bc4 Nxf3+ 6. Qxf3 d6 7. h3 c6 8. a4 Be7 9. 0-0 0-0 10. d3 Be6 11. Be3 d5 12. d4 exd4 13. Bxd4 dxc4 14. Be3 Qa5 15. Qe2 Qh5 16. Qe1 Bb4 17. Bd4 Qg6 18. f3 Bxh3 19. Rf2 Be6 20. e5 Bxc3 21. bxc3 Nh5 0-1

[Event "Kolkata op2"]
[Site "Kolkata"]
[Date "1994.??.??"]
[Round "?"]
[White "Chatterjee, KK."]
[Black "Hasan, Kayes"]
[Result "1-0"]
[WhiteElo "2240"]
[BlackElo "2210"]
[PlyCount "83"]
[EventDate "1994.??.??"]
[EventType "swiss"]
[EventRounds "11"]
[EventCountry "IND"]
[SourceTitle "EXT 1997"]
[Source "ChessBase"]
[SourceDate "1996.11.15"]
[SourceVersion "1"]
[SourceVersionDate "1996.11.15"]
[SourceQuality "1"]

1. e4 e5 2. Nf3 Nc6 3. Bc4 Nf6 4. d3 Be7 5. Nc3 0-0 6. a3 d6 7. h3 a6 8. 0-0 h6 9. Nh2 Nh7 10. f4 exf4 11. Bxf4 Bg5 12. d4 Bxf4 13. Rxf4 Ng5 14. Rf1 Ne7 15. Qh5 Be6 16. Bd3 Ng6 17. Ne2 c5 18. c3 cxd4 19. cxd4 Qb6 20. Nf3 Nxf3+ 21. Rxf3 Ne5 22. Rg3 Kh7 23. Rd1 Nxd3 24. Rdxd3 Qxb2 25. d5 Bd7 26. Rb3 Qa1+ 27. Kh2 b5 28. Nc3 Rae8 29. Rb1 Qxa3 30. Nxb5 Qc5 31. Rc3 Qb6 32. Na3 Qd4 33. Rc7 g6 34. Qf3 Qe5+ 35. Kg1 Re7 36. Nc4 Qxe4 37. Qxe4 Rxe4 38. Nxd6 Re7 39. Rbb7 Rd8 40. Kh2 a5 41. Nc4 a4 42. Nb6 1-0

[Event "Kolkata op2"]
[Site "Kolkata"]
[Date "1994.??.??"]
[Round "?"]
[White "Joseph, Yan"]
[Black "Hasan, Kayes"]
[Result "0-1"]
[WhiteElo "2205"]
[BlackElo "2210"]
[PlyCount "50"]
[EventDate "1994.??.??"]
[EventType "swiss"]
[EventRounds "11"]
[EventCountry "IND"]
[SourceTitle "EXT 1997"]
[Source "ChessBase"]
[SourceDate "1996.11.15"]
[SourceVersion "1"]
[SourceVersionDate "1996.11.15"]
[SourceQuality "1"]

1. e4 e5 2. Nf3 Nc6 3. Bc4 Nf6 4. d4 exd4 5. 0-0 Nxe4 6. Re1 d5 7. Bxd5 Qxd5 8. Nc3 Qa5 9. Nxe4 Be6 10. Bd2 Qf5 11. Bg5 h6 12. Qd3 Qa5 13. Bh4 g5 14. Nf6+ Ke7 15. b4 Nxb4 16. Qxd4 Bg7 17. Nd5+ Kf8 18. Ne5 Nxc2 19. Qe4 Nxe1 20. Nd7+ Bxd7 21. Qe7+ Kg8 22. Rd1 Qa4 23. Nc3 Re8 24. Qc5 Bxc3 25. Qxc3 Qxd1 0-1

[Event "Goodricke op 05th"]
[Site "Kolkata"]
[Date "1994.??.??"]
[Round "2"]
[White "Murugan, Krishnamoorthy"]
[Black "Hasan, Kayes"]
[Result "1/2-1/2"]
[WhiteElo "2410"]
[BlackElo "2210"]
[PlyCount "103"]
[EventDate "1994.02.??"]
[EventType "swiss"]
[EventRounds "11"]
[EventCountry "IND"]
[SourceTitle "CBM 039 Extra"]
[Source "ChessBase"]
[SourceDate "1994.05.01"]
[SourceVersion "1"]
[SourceVersionDate "1994.05.01"]
[SourceQuality "1"]

1. d4 Nf6 2. c4 g6 3. Nc3 d5 4. cxd5 Nxd5 5. Nf3 Bg7 6. g3 0-0 7. Bg2 c5 8. 0-0 cxd4 9. Nxd4 Nxc3 10. bxc3 e5 11. Nb5 Qa5 12. Qb3 Be6 13. c4 Nc6 14. Ba3 Rfd8 15. Rad1 Rxd1 16. Rxd1 Rd8 17. Rxd8+ Nxd8 18. Bb4 Qxb5 19. cxb5 Bxb3 20. axb3 Bf8 21. Bc3 Bd6 22. e3 Kf8 23. Kf1 Ke7 24. Ke2 b6 25. Kd3 Ne6 26. Kc4 Nc7 27. Bc6 Ke6 28. f4 exf4 29. gxf4 h6 30. Bg7 h5 31. Be4 g5 32. fxg5 Bxh2 33. Bf3 h4 34. Bg4+ Kd6 35. Bh5 Ke6 36. e4 Ne8 37. Bg4+ Ke7 38. Bc3 Nd6+ 39. Kd5 Nxb5 40. Bf6+ Ke8 41. Kc6 Nd6 42. Kd5 Nb7 43. e5 Nc5 44. g6 fxg6 45. e6 Nb7 46. Bxh4 Nd6 47. Bg5 Nf5 48. Be2 Ne7+ 49. Ke4 Bd6 50. Bb5+ Kd8 51. Kd3 Kc7 52. Be8 1/2-1/2